Estadísticas para Flores por Imagen

Haz click aquí para intentar la prueba.

Estadísticas generales

  • Esta prueba ha sido intentada 1.195 veces
  • La puntuación promedio es 8 de 16

Estadísticas de respuestas

Respuesta% Correcto
Rosa
100%
Girasol
95%
Margarita
94%
Tulipán
85%
Lavandula
65%
Cerezo
57%
Amapola
56%
Orquídea
55%
Hortensia
42%
Diente de león
40%
Loto sagrado
37%
Pensamiento
31%
Dalia
26%
Narciso
25%
Hibisco
21%
Caléndula
19%

Distribución de puntuación

Porcentaje por número respondido

Porcentaje de gente con cada puntuación

Historial de tus puntuaciones

No has intentado esta prueba.